|
|
|
|
| LEADER |
00000nas1a2200000 4500 |
| 001 |
146052 |
| 005 |
20231031144456.0 |
| 011 |
|
|
|a 0202-7968
|
| 035 |
|
|
|a (RuTPU)RU\TPU\book\158316
|
| 090 |
|
|
|a 146052
|
| 100 |
|
|
|a 20081025a19719999k y0rusy50 ca
|
| 101 |
0 |
|
|a rus
|
| 102 |
|
|
|a RU
|
| 110 |
|
|
|a zyuzz 0uu0
|
| 200 |
1 |
|
|a Кинетика. Катализ
|f Академия наук СССР (АН СССР), Всесоюзный институт научной и технической информации (ВИНИТИ)
|
| 210 |
|
|
|a Москва
|c ВИНИТИ
|d 1971-
|
| 225 |
1 |
|
|a Итоги науки и техники
|
| 225 |
1 |
|
|a Кинетика. Катализ
|
| 300 |
|
|
|a С т. 18 на тит. л. название серии Кинетика. Катализ
|
| 430 |
|
1 |
|0 (RuTPU)RU\TPU\book\299798
|x 0202-7968
|t Кинетика и катализ
|f Академия наук СССР (АН СССР), Всесоюзный институт научной и технической информации (ВИНИТИ)
|c Москва
|n ВИНИТИ
|d 1971-
|s Кинетика и катализ
|
| 520 |
1 |
|
|a Кинетика и катализ
|
| 712 |
0 |
2 |
|a Академия наук СССР (АН СССР)
|b Всесоюзный институт научной и технической информации (ВИНИТИ)
|c (Москва)
|2 stltpush
|3 (RuTPU)RU\TPU\col\8361
|
| 801 |
|
1 |
|a RU
|b 63413507
|c 20081025
|g PSBO
|
| 801 |
|
2 |
|a RU
|b 63413507
|c 20231010
|g PSBO
|
| 942 |
|
|
|c CR
|